| 000 | 01204nam a22002657a 4500 | ||
|---|---|---|---|
| 001 | BRCA_9305 | ||
| 003 | FranzMayer | ||
| 005 | 20230809144248.0 | ||
| 008 | 230809b |||||||| |||| 00| 0 eng d | ||
| 040 |
_aMFM _bespañol _cMFM |
||
| 050 | 0 |
_aPQ6327.P4 _b.C47 1760 (LM27) |
|
| 100 | 1 |
_4Autor _aCervantes Saavedra, Miguel de _929000 |
|
| 240 |
_aHistoria de los trabajos de Persiles y Sigismunda _hNuevamente corregida, y enmendada en esta ultima impression _lespañol |
||
| 245 | 0 |
_aHistoria de los trabajos de Persiles y Sigismunda _bNuevamente corregida, y enmendada en esta ultima impression |
|
| 260 |
_aMadrid _bJuan Nadal Impressor _c1760 |
||
| 300 |
_a20 cm _c328 p. |
||
| 500 | _aFondo antiguo | ||
| 500 | _aEjemplar se encuentra en fondo antiguo | ||
| 500 | _aLM27 | ||
| 501 | _aFondo reservado: para su consulta es necesario credencial de usuario y carta de motivos. | ||
| 505 | _aTexto en: españolDirigido a: filólogos, historiadores, literatos, bibliofilos. | ||
| 650 | 1 |
_2Literatura española _aAutores individuales _vAutores individuales del siglo XVII _929001 |
|
| 651 | 2 |
_2Cervantes de Saavedra, Miguel de (1547-1616) _aEdiciones _vPersiles y Sigismunda _929002 |
|
| 942 |
_2lcc _cB |
||
| 999 |
_c10926 _d10926 |
||